| 000 | 00891nam a2200301 a 4500 | ||
|---|---|---|---|
| 008 | |||
| 020 | _a0155751212 (pbk.) | ||
| 049 | _aMAIN | ||
| 090 | _aTD196.R3 | ||
| 100 | 1 | _aBrodine, Virginia. | |
| 245 | 1 | 0 |
_aRadioactive contamination / _cVirginia Brodine. |
| 260 |
_aNew York, NY : _bHarcourt Brace Jovanovich, _c1975. |
||
| 300 |
_axiv, 190 p. : _bill. ; _c24 cm. |
||
| 440 | 0 | _aEnvironmental issues series | |
| 504 | _aIncludes bibliographical references. | ||
| 500 | _aIncludes index. | ||
| 650 | 0 | _aRadioactive pollution. | |
| 650 | 0 | _aRadioecology. | |
| 650 | 2 | _aRadioactive Pollutants | |
| 650 | 2 | _aRadioactive Waste | |
| 650 | 2 | _aEnvironmental Health | |
| 650 | 2 | _aNuclear Reactors | |
| 907 |
_a.b1001696x _b26-02-04 _c17-04-03 |
||
| 003 | |||
| 005 | 20230123133617.0 | ||
| 040 | _cNUST | ||
| 942 |
_cBOOKS _kTD196.R3 |
||
| 999 |
_c151582 _d151582 |
||